| 000 | 00411cam a22001217a 4500 | ||
|---|---|---|---|
| 008 | 180718b1996 xxu||||| |||| 00| 0 eng d | ||
| 082 | _aQ39 In2 | ||
| 100 | _aMehta, Aasha Kapur | ||
| 245 |
_aTraining programme on economic analysis and disaster management _cby Aasha Kapur Mehta |
||
| 260 |
_aNew Delhi _bIndian Institute of Public Administration _c1996 |
||
| 300 | _av.p. | ||
| 650 | _aDisasters - Economic aspects | ||
| 999 |
_c481700 _d481700 |
||